000 00380nam a2200133Ia 4500
008 100328s9999 xx 000 0 und d
082 _b49932
100 _aकानसकर किसन
245 _aअंधार काजवा.
260 _bशांती
630 _aअंधार काजवा.
730 _aअंधार काजवा.
942 _cBOOK
999 _c537170
_d537167